Corporate english : (Record no. 157021)

MARC details
000 -LEADER
fixed length control field 00645nam a22001937a 4500
005 - DATE AND TIME OF LATEST TRANSACTION
control field 20180926112543.0
010 ## - LCCN (DPL NO)
LC control number ENG-123975
020 ## - INTERNATIONAL STANDARD BOOK NUMBER
Terms of availability 400.00
International Standard Book Number 9788179552605
035 ## - SYSTEM CONTROL NUMBER
System control number EN-107507
037 ## - SOURCE OF ACQUISITION
Source of stock number/acquisition DBAD/PUB
082 ## - DEWEY DECIMAL CLASSIFICATION NUMBER
Classification number 651.7
100 ## - MAIN ENTRY--PERSONAL NAME
Personal name Ghosh, Subir
245 ## - TITLE STATEMENT
Title Corporate english :
Statement of responsibility, etc by Subir Ghosh
Remainder of title a book on business writing and communicative english /
260 ## - PUBLICATION, DISTRIBUTION, ETC. (IMPRINT)
Name of publisher, distributor, etc Shishu Sahitya Samsad Pvt. Ltd.
Place of publication, distribution, etc Kolkata
Date of publication, distribution, etc 2017
270 ## - ADDRESS
Address 32A Acharaya Prafulla Chandra Road,
City Kolkata
Postal code 700009
300 ## - PHYSICAL DESCRIPTION
Extent xxiv,318p
Dimensions 27cm.(pbk.)
500 ## - GENERAL NOTE
General note It includes bibliography and glossary
942 ## - ADDED ENTRY ELEMENTS (KOHA)
Source of classification or shelving scheme Dewey Decimal Classification
Item type English Books
Call number suffix GHO
Classification part 651.7
Holdings
Withdrawn status Lost status Not for loan Collection code Home library Current library Date acquired Source of acquisition Cost, normal purchase price Full call number Barcode Copy number Cost, replacement price Koha item type
    Not For Loan Non-fiction D.B.Act.Division Sarojini Nagar 06/09/2018 DBAD/PUB 400.00 651.7 GHO EN-107507 1 400.00 English Books

© Delhi Public Library
Hit Counter
free hit counter